Histoire du jazz /

Збережено в:
Бібліографічні деталі
Автор: Ulanov, Barry, (1918-2000) (Автор)
Інші автори: Sendy, Jean
Формат: Книга
Мова:Французька
Опубліковано: Paris : Correa, 1955
Серія:Musique
Предмети:
Теги: Додати тег
Немає тегів, Будьте першим, хто поставить тег для цього запису!

MARC

LEADER 00000nam a22000007i 4500
001 IT\ICCU\TSA\0856216
003 ItRI
005 20260115232236.0
008 060512s1955 fr |||||| ||||| |||||c
040 |b ita  |c importazione bologna sebina 
041 7 |a fre  |2 ISO-639-2 
100 1 |a Ulanov, Barry,  |d  (1918-2000)  |0 IT\ICCU\RAVV\085921  |4 aut 
245 1 0 |a Histoire du jazz /  |c Barry Ulanov ; traduit de l'americain par Jean Sendy. 
246 1 1 |a A history of jazz.  |9 IT\ICCU\UBO\3818125 
260 |a Paris :  |b Correa,  |c 1955 
300 |a 414 p. ;  |c 22 cm. 
650 7 |a Jazz  |x Storia 
700 1 |a Sendy, Jean  |0 IT\ICCU\SBLV\209346 
830 0 |a Musique  |0 IT\ICCU\SBL\0189153 
942 |2 ddc  |c BK  |n 0 
952 |0 0  |1 0  |4 0  |6 DOC_781_650000000000000_ULA  |7 0  |9 22703  |a BO  |b BO  |d 2026-01-15  |i 14159  |l 0  |o DOC 781.650 ULA  |p BO14159  |r 2026-01-15 23:22:36  |w 2026-01-15  |x [Sebina 7] [1 v.]  |y BK  |z 1 v. 
999 |c 19382  |d 19382